| 000 | 01111nam a2200253 a 4500 | ||
|---|---|---|---|
| 001 | 39009 | ||
| 003 | BD-RjUL | ||
| 005 | 20211209052911.0 | ||
| 008 | 160529s2009 bg ||||| |||| 00| 0 ben d | ||
| 020 |
_a9840747304 _c: Tk.240.00 |
||
| 035 | _a(BD-RjUL)39120 | ||
| 040 |
_aBD-RjUL _bben _cBD-RjUL |
||
| 041 | _aben | ||
| 082 |
_223 _a398.2 _bSHM 2009 |
||
| 100 |
_aশেখ, মোঃ আকতারুজ্জামান _9120436 |
||
| 245 | 1 | 0 |
_aমাইকেল মধুসূদন দত্তের কাব্য ও প্রহসনে লোক-উপাদান / _cমোঃ আকতারুজ্জামান শেখ |
| 260 |
_aঢাকা : _bবাংলা একাডেমী, _c২০০৯ |
||
| 300 |
_a[চৌদ্দ], ৪৪৮ পৃ. ; _c২২ সেমি. |
||
| 504 | _aগ্রন্থপঞ্জি ও নির্ঘন্ট সম্বলিত | ||
| 600 |
_aDutt, Michael Madhusudan _d1824-1873 _xCriticism and interpretation. _9120437 |
||
| 650 |
_aলোক সাহিত্য _9117527 |
||
| 650 |
_aFolk literature. _9127150 |
||
| 942 |
_2ddc _cBK |
||
| 999 |
_c39009 _d39009 |
||